| 000 | 00512nam a2200217Ia 4500 | ||
|---|---|---|---|
| 003 | 0100 | ||
| 008 | 130303s9999 xx 000 0 und d | ||
| 040 | _cARRUPELIB | ||
| 050 | _aBD161.A78 1988 | ||
| 100 | _aAudi, Robert | ||
| 245 | _aBelief, Justification Knowledge | ||
| 245 | _ban introduction to epistemology | ||
| 260 | _aBelmont | ||
| 260 | _bWadsworth Co. | ||
| 260 | _C1988 | ||
| 300 | _a172p. | ||
| 300 | _b 21cm | ||
| 650 | _aPHILOSOPHY | ||
| 650 | _bPhilosophy, Marxist | ||
| 942 | 0 | 0 | _04 |
| 999 |
_c21549 _d21549 |
||